000 00694nam a2200205 a 4500
001 BRCA_949
005 20190320203223.0
008 920918s1990 mx-a---###---#000-0#spa-#
020 _a9686561005
040 _aDLC
_cDLC
050 4 _aHD1471.M4
_b.O78 1990
100 1 _aOrtiz Macedo, Luis
_91569
245 1 0 _aLa Hacienda de San Agustín de las Cuevas
_cLuis Ortiz Macedo.
260 _aMéxico
_bAfianzadora Insurgentes
_c1990
300 _a125 p.
_bil. a color
_c31 cm.
610 2 4 _aHacienda de San Agustín de las Cuevas
_xHistoria
_zTlalpan (México)
_93138
651 4 _aTlalpan (México)
_xEdificios, estructuras, etc.
_93139
651 4 _aTlalpan (México)
_xHistoria
_93140
942 _2lcc
_cB
999 _c838
_d838